000 00271nam a22001217a 4500
008 171031b xxu||||| |||| 00| 0 eng d
041 _aeng
080 _23RD
_a33
100 _a58
101 _aBUS
245 _aGUIDE TO ECONOMIC INDICATORS
_cFRUMKIN,N
942 _2udc
_cBK
999 _c36699
_d36699